1641 1924 1425 1746 1698 1691 1595 1207 1369 1435 1420 1817 1849 1533 1335 1287 1335 1916 1437 1454 1705 1757 1920 1359 1933 1262 1774 1571 1670 1312 1287 1981 1811 1382 1557 1382 1982 1561 1102 1189 1715 1388 1531 1110 1062 1205 1021 1973 1082 1079 1190 1902 1600 1072 1383 1738 1714 1586 1084 1445 1118 1497 1838 1973 1823 1560 1514 1185 1924 1817 1519 1404 1679 1477 1687 1910 1574 1946 1876 1331 1970 1712 1352 1598 1154 1583 1968 1906 1978 1410 1305 1468 1727 1290 1331 1300 1511 1785 1910 BCNSPRNW ULIB Ver.6.0+V

เปลี่ยนเป็นภาษาไทย

Change to English
 แสดงรายละเอียดบรรณานุกรม
  กลับหน้าหลัก

Brief Record : Get Marc (ISO 2709) : E-mail record : QR code < ปิดหน้าต่าง
LEADER : 00000nam 2200000uu 4500
001    13399111690
003     ULIB
008    110706s2553||||th 000 0 tha d
020    9789744752888
090    นว.^bป111ส
100 0  ป.ศิลา
245 00 สะดุดรักกลางใจ /^cป.ศิลา
260    กรุงเทพฯ :^bPrincess,^c2553
300    416 หน้า
945    ^p250^l0^i18283
995     เกษร
999    ^aใช้งานได้ทุกระบบ
รายการนี้ยังไม่มีแท็ก
คุณยังไม่ได้ล็อกอิน คุณสามารถมีกิจกรรมร่วมกับเว็บไซต์ได้ แต่ต้องล็อกอินก่อน ::
  ล็อกอิน

รายการสื่อสารสนเทศ

ลำดับที่ ประเภท เลขเรียก/บาร์โค้ด สถานที่ สถานะ
1. นวนิยาย
นวนิยาย
นว. ป111ส  
  Barcode: 18283
ห้องสมุดวิทยาเขตสวรรค์ประชารักษ์
►นวนิยาย
บนชั้น
  ขอยืม

รายการใกล้เคียง
    ผู้แต่ง [ป.ศิลา]

BibComment


ยังไม่เคยถูกคอมเมนท์

คอมเมนท์ทรัพยากรรายการนี้
  คอมเมนท์: สะดุดรักกลางใจ ป..


 Copyright 2026. Bcnsprnw @Library